000 00560nam a22002177a 4500
003 UA-OsUOA
001 49585
007 ta
008 20071010b un ||||| |||| 00| 0 ukr d
100 _aСоломко Анатолій
090 _a82
_bС-11
942 _cSA
040 _aUA-OsUOA
_bukr
_cUA-OsUOA
_dUA-OsUOA
245 _aЗа покликом душі. (Михась Ткач)
300 _aС.13
955 _a0
041 _aukr
080 _a82
773 0 _w49577
650 7 _a82 Література. Літературознавство
_2UDC
999 _c335688
_d335688